<?xml version="1.0" encoding="UTF-8"?><?xml-stylesheet type="text/xsl" href="static/style.xsl"?><OAI-PMH xmlns="http://www.openarchives.org/OAI/2.0/" xmlns:xsi="http://www.w3.org/2001/XMLSchema-instance" xsi:schemaLocation="http://www.openarchives.org/OAI/2.0/ http://www.openarchives.org/OAI/2.0/OAI-PMH.xsd"><responseDate>2026-04-17T04:15:27Z</responseDate><request verb="GetRecord" identifier="oai:www.recercat.cat:2117/425945" metadataPrefix="marc">https://recercat.cat/oai/request</request><GetRecord><record><header><identifier>oai:recercat.cat:2117/425945</identifier><datestamp>2025-07-22T21:34:32Z</datestamp><setSpec>com_2072_1033</setSpec><setSpec>col_2072_452951</setSpec></header><metadata><record xmlns="http://www.loc.gov/MARC21/slim" xmlns:dcterms="http://purl.org/dc/terms/" xmlns:xsi="http://www.w3.org/2001/XMLSchema-instance" xmlns:doc="http://www.lyncode.com/xoai" xsi:schemaLocation="http://www.loc.gov/MARC21/slim http://www.loc.gov/standards/marcxml/schema/MARC21slim.xsd">
   <leader>00925njm 22002777a 4500</leader>
   <datafield ind2=" " ind1=" " tag="042">
      <subfield code="a">dc</subfield>
   </datafield>
   <datafield ind2=" " ind1=" " tag="720">
      <subfield code="a">Colli, Aurora</subfield>
      <subfield code="e">author</subfield>
   </datafield>
   <datafield ind2=" " ind1=" " tag="260">
      <subfield code="c">2024-10-03</subfield>
   </datafield>
   <datafield ind2=" " ind1=" " tag="520">
      <subfield code="a">This thesis has been developed to investigate the potential implementation of a crossdocking model for Covestro Spain, a multinational corporation specializing in polymeric materials. The primary objective is to enhance supply chain efficiency and reduce costs across the European network, with a focused analysis of three production plants located around Barcelona. The study addresses inefficiencies in the current logistics operations, specifically the underutilization of truck capacities, which inflates logistical costs and undermines competitive positioning. The research encompasses a thorough evaluation of the existing logistics framework using historical shipment data from previous years. It includes a simulation of cross-docking implementation to contrast with the current system and identify potential cost benefits. The analysis aims to provide a detailed comparison of historical versus hypothetical costs and assess the economic feasibility of adopting a cross-docking system. The specific objectives involve analyzing the existing logistics system, simulating the implementation of a cross-docking model, comparing the current system with the proposed cross-docking scenario, and forecasting future shipping costs to assess potential cost savings and the overall financial viability of the new logistics strategy. The outcomes of this study are intended to inform on the practicality and advantages of integrating a cross-docking strategy, ultimately aiming to optimize logistics operations and achieve long-term economic efficiency.</subfield>
   </datafield>
   <datafield tag="653" ind2=" " ind1=" ">
      <subfield code="a">Àrees temàtiques de la UPC::Economia i organització d'empreses::Direcció d'operacions::Modelització de transports i logística</subfield>
   </datafield>
   <datafield tag="653" ind2=" " ind1=" ">
      <subfield code="a">Business logistics</subfield>
   </datafield>
   <datafield tag="653" ind2=" " ind1=" ">
      <subfield code="a">Logística (Indústria)</subfield>
   </datafield>
   <datafield ind2="0" ind1="0" tag="245">
      <subfield code="a">Cross-Dock Consolidation for European Distribution: Case Study of Covestro's Barcelona Manufacturing Network</subfield>
   </datafield>
</record></metadata></record></GetRecord></OAI-PMH>